000 01312naa a22003497a 4500
001 BR7503329
003 BR-BrBNA
005 20240918173747.0
007 ta
008 230509b bl.||||| |||| 00| 0 por d
040 _aBR-BrBNA
_bpor
_cBiblioteca Nacional de Agricultura
041 _a(Pt)
072 _aH20
_b2120
_b4120
_b3875
090 _aH20 BR7503329
100 1 _aMachado, J.C. da
100 1 _aAbreu, M.S. de
100 1 _aCampos, V. de P.
100 1 _aSpiller, J.T.
100 1 _aResende, P.S.
111 1 _a3. Congresso Brasileiro de Pesquisas Cafeeiras
_cCuritiba, PR (Brazil)
_d18 Nov 1975
245 1 _aCompeticao de fungicidas sistemicos veiculados em oleo mineral puro e em dosagens diferentes no controle da ferrugem do cafeeiro (Hemileia vastatrix Berk e Br.)
260 3 _aRio de Janeiro, RJ (Brasil):
_c1975.
500 _aResumos do 3. Congresso Brasileiro de Pesquisas Cafeeiras Rio de Janeiro, RJ (Brasil): 1975. p. 172-173 (BR7503329-AM)H20
650 _aCAFE
650 _aFERRUGEM ALARANJADA
650 _aFUNGO
650 _aFUNGICIDA
650 _aDEFENSIVO
773 0 _tResumos do 3. Congresso Brasileiro de Pesquisas Cafeeiras
_wH20 BR7503329
_gRio de Janeiro, RJ (Brasil), 1975. p. 172-173
909 _a202404
_bLucia
_c55
_dLucia Elande
942 _cAM
_2AGRIS
999 _c306709
_d306709